书目信息 |
| 题名: |
公路桥梁加固工程施工监理
|
|
| 作者: | 张劲泉 , 李万恒 , 马森 编著 | |
| 分册: | ||
| 出版信息: | 北京 人民交通出版社 2008.06 |
|
| 页数: | 488页 | |
| 开本: | 26cm | |
| 丛书名: | ||
| 单 册: | ||
| 中图分类: | U445.7 | |
| 科图分类: | ||
| 主题词: | 桥--qiao--加固--工程施工--监督管理 | |
| 电子资源: | ||
| ISBN: | 978-7-114-07204-8 | |
| 000 | 01068nam0 2200265 450 | |
| 001 | 012008364844 | |
| 005 | 20080901152323.26 | |
| 010 | @a978-7-114-07204-8@dCNY68.00 | |
| 100 | @a20080901d2008 em y0chiy0120 ea | |
| 101 | 0 | @achi |
| 102 | @aCN@b110000 | |
| 105 | @aak a 000yy | |
| 106 | @ar | |
| 200 | 1 | @a公路桥梁加固工程施工监理@Agong lu qiao liang jia gu gong cheng shi gong jian li@f张劲泉, 李万恒, 马森编著@Fzhang jin quan,li wan heng,ma sen bian zhu |
| 210 | @a北京@c人民交通出版社@d2008.06 | |
| 215 | @a488页@c图@d26cm | |
| 320 | @a有书目 (第488页) | |
| 330 | @a本书是在总结黄石大桥等数次桥梁加固工程施工监理实践基础上编写的,内容涉及桥梁加固和改造工程施工监理的任务、实施细则、机构设置与职责、监理制度与监理程序、质量控制与评定以及加固工程监理用表等诸多方面,具有较强的实用性和指导性。 | |
| 606 | 0 | @a桥@Aqiao@x加固@x工程施工@x监督管理 |
| 690 | @aU445.7@v4 | |
| 701 | 0 | @a张劲泉@Azhang jin quan@4编著 |
| 701 | 0 | @a李万恒@Ali wan heng@4编著 |
| 701 | 0 | @a马森@Ama sen@4编著 |
| 801 | 0 | @aCN@bQSSK@c20080901 |
| 905 | @b733684-86@dU445.7@eZ125@f3 | |
| 公路桥梁加固工程施工监理/张劲泉, 李万恒, 马森编著.-北京:人民交通出版社,2008.06 |
| 488页:图;26cm |
| ISBN 978-7-114-07204-8:CNY68.00 |
| 本书是在总结黄石大桥等数次桥梁加固工程施工监理实践基础上编写的,内容涉及桥梁加固和改造工程施工监理的任务、实施细则、机构设置与职责、监理制度与监理程序、质量控制与评定以及加固工程监理用表等诸多方面,具有较强的实用性和指导性。 |
| ● |
| 相关链接 |
|
|
|
正题名:公路桥梁加固工程施工监理
索取号:U445.7/Z125
 
预约/预借
| 序号 | 登录号 | 条形码 | 馆藏地/架位号 | 状态 | 备注 |
| 1 | 733684 | 207336845 | 自科库501/501自科库 54排3列4层/ [索取号:U445.7/Z125] | 在馆 | |
| 2 | 733685 | 207336854 | 自科二线400A/400A自科库 32排3列2层/ [索取号:U445.7/Z125] | 在馆 | |
| 3 | 733686 | 207336863 | 自科二线400A/400A自科库 32排3列2层/ [索取号:U445.7/Z125] | 在馆 |